Enzyme engineering. [papers] / volume 4 :
Guardado en:
| Autor Corporativo: | |
|---|---|
| Otros Autores: | , , |
| Formato: | Libro |
| Idioma: | English |
| Publicado: |
New York :
Plenum Press,
c1978.
|
| Materias: | |
| Etiquetas: |
Agregar Etiqueta
Sin Etiquetas, Sea el primero en etiquetar este registro!
|
| LEADER | 01292nam a22002655a 4500 | ||
|---|---|---|---|
| 001 | EIQ.libpla002241 | ||
| 008 | 070514s1978####nyua#####b####001#0#eng#d | ||
| 005 | 20070514175502.0 | ||
| 245 | 0 | 0 | |a Enzyme engineering. |n volume 4 : |b [papers] / |c edited by Georges B. Broun, Georg Manecke and Lemuel B. Wingard, Jr. |
| 260 | |a New York : |b Plenum Press, |c c1978. | ||
| 300 | |a xx, 492 p : |b diagrms, grafics ; |c 26 cm. | ||
| 500 | |a Llamado volumen 4 en continuación con la numeración de la conferencia. | ||
| 500 | |a "This volume contains most of the paperss and research reports presented at the second engineering foundation conference on enzyme engineering held at Henniker New Hampshire, August 5-10, 1973". | ||
| 504 | |a Incluye referencias bibliográficas e índice. | ||
| 020 | |a 0306400219 | ||
| 700 | 1 | |a Broun, Georges B., |e ed. |4 edt | |
| 700 | 1 | |a Manecke, Georg., |e ed. |4 edt | |
| 700 | 1 | |a Wingard, Lemuel B, |e ed. |4 edt | |
| 711 | 2 | |a Engineering Foundation Conference on Enzyme Engineering |n (2nd : |d 1977 : |c Bad Neuenahr, Germany) | |
| 650 | 4 | |a Enzimas |x Congresos. | |
| 650 | 4 | |a Enzimas |x Aplicaciones industriales. | |
| 650 | 4 | |a Enzymes |x Industrial applications. | |
| 650 | 4 | |a Enzymes |x Congresses. | |
| 040 | |a AR-BbSID |b spa |c AR-BbSID | ||
| 859 | |a AR-BbSID |b BIB. PLAPIQUI |h 660.63 |i En 98 |p 1936 |3 Vol. 4 | ||
